Most Famous Landmarks - Statistics

General Stats
  • This quiz has been taken 59 times
    34 since last reset
  • The average score is 10 of 16
Answer Stats
Picture Hint Answer % Correct
Eiffel Tower
94%
Great Wall of China
94%
One on left Leaning Tower of Pisa
94%
Sydney Opera House
90%
Mount Rushmore
87%
Statue of Liberty
87%
Golden Gate Bridge
84%
Niagara Falls
81%
Taj Mahal
81%
Christ the Redeemer
65%
Machu Pichu
61%
Brandenburg Gate
39%
Petra
39%
Acropolis
16%
Great Pyramid of Giza
13%
Great Sphinx of Giza
6%
No matching quizzes found
Score Distribution
Percent of People with Each Score
Percentile by Number Answered
Your Score History
You have not taken this quiz since the last reset